[Event "Dearborn Fall op 3rd"]
[Site "Dearborn"]
[Date "2013.10.25"]
[Round "4"]
[White "Amarasinghe, Prashantha"]
[Black "Liang, Awonder"]
[Result "0-1"]
[WhiteElo "2111"]
[BlackElo "2207"]
[PlyCount "72"]
[EventDate "2013.10.23"]
[EventType "swiss"]
[EventRounds "9"]
[EventCountry "USA"]
[SourceTitle "EXT 2015"]
[Source "ChessBase"]
[SourceDate "2014.11.20"]
[SourceVersion "1"]
[SourceVersionDate "2014.11.20"]
[SourceQuality "1"]

1. d4 Nf6 2. c4 g6 3. Nc3 Bg7 4. e4 d6 5. Nf3 0-0 6. Be2 e5 7. 0-0 Nc6 8. d5 Ne7 9. Ne1 Ne8 10. f3 f5 11. g4 Nf6 12. Nd3 Kh8 13. h4 c6 14. Be3 b5 15. c5 cxd5 16. cxd6 Nc6 17. exd5 Nd4 18. Nxe5 Nxe2+ 19. Qxe2 b4 20. Nb5 Nxd5 21. Bd4 Ba6 22. a4 Bxb5 23. axb5 Qxd6 24. Rfd1 Qe7 25. Qh2 fxg4 26. fxg4 Rf4 27. Re1 Qb7 28. Rad1 Kg8 29. Qg2 Raf8 30. Nc6 Bxd4+ 31. Rxd4 Rxd4 32. Nxd4 Qd7 33. Nc6 Nf4 34. Qg3 Qd2 35. Qe3 Nh3+ 36. Kh1 Rf1+ 0-1

[Event "Minneapolis"]
[Site "Minneapolis"]
[Date "2013.03.16"]
[Round "3"]
[White "Amarasinghe, Prashantha"]
[Black "Wasiluk, Kevin M"]
[Result "1/2-1/2"]
[WhiteElo "2085"]
[BlackElo "2302"]
[PlyCount "32"]
[EventDate "2013.03.15"]
[EventType "tourn"]
[EventRounds "5"]
[EventCountry "USA"]
[EventCategory "2"]
[SourceTitle "CBM 153 Extra"]
[Source "ChessBase"]
[SourceDate "2013.04.22"]
[SourceVersion "1"]
[SourceVersionDate "2013.04.22"]
[SourceQuality "1"]

1. d4 d5 2. c4 e6 3. Nf3 c6 4. Qc2 Nf6 5. g3 dxc4 6. Qxc4 b5 7. Qd3 Bb7 8. Bg2 Nbd7 9. 0-0 a6 10. Nc3 c5 11. Bg5 Qb6 12. Rad1 Be7 13. Ne5 Bxg2 14. Kxg2 cxd4 15. Nxd7 Qb7+ 16. f3 Qxd7 1/2-1/2

[Event "Minneapolis"]
[Site "Minneapolis"]
[Date "2013.03.16"]
[Round "2"]
[White "Riester, Scott M"]
[Black "Amarasinghe, Prashantha"]
[Result "1/2-1/2"]
[WhiteElo "2275"]
[BlackElo "2085"]
[PlyCount "95"]
[EventDate "2013.03.15"]
[EventType "tourn"]
[EventRounds "5"]
[EventCountry "USA"]
[EventCategory "2"]
[SourceTitle "CBM 153 Extra"]
[Source "ChessBase"]
[SourceDate "2013.04.22"]
[SourceVersion "1"]
[SourceVersionDate "2013.04.22"]
[SourceQuality "1"]

1. d4 d6 2. e4 Nf6 3. Nc3 c6 4. Be3 Qa5 5. Qd2 Ng4 6. Bg5 c5 7. d5 h6 8. Bh4 g5 9. Bg3 Bg7 10. h4 Qb4 11. Nge2 gxh4 12. Rxh4 Bf6 13. Rh5 Nd7 14. f3 Nge5 15. b3 Rg8 16. Bf4 b6 17. Rd1 Ng6 18. Be3 Nde5 19. Kf2 Ba6 20. g3 0-0-0 21. Nb1 Qxd2 22. Nxd2 Kc7 23. Bh3 Nh8 24. Rg1 Neg6 25. Rxh6 Rde8 26. Rh7 Nf8 27. Rh5 Nhg6 28. f4 Nd7 29. Bxd7 Kxd7 30. Nf3 Rh8 31. Rgh1 Rxh5 32. Rxh5 Rh8 33. Rxh8 Bxh8 34. Ng5 Ke8 35. g4 Bf6 36. Nf3 Kd7 37. g5 Bb2 38. Ng3 Ke8 39. Bd2 Bg7 40. Nh5 Bh8 41. f5 Ne5 42. f6 exf6 43. Nxe5 fxe5 44. Ng3 Bg7 45. Nf5 Bf8 46. b4 Be7 47. bxc5 bxc5 48. Nxe7 1/2-1/2

[Event "Minneapolis Knighter"]
[Site "Minneapolis"]
[Date "2012.06.06"]
[Round "7"]
[White "Tang, Andrew"]
[Black "Amarasinghe, Prashantha"]
[Result "1-0"]
[WhiteElo "1964"]
[BlackElo "2019"]
[PlyCount "117"]
[EventDate "2012.04.25"]
[EventType "tourn"]
[EventRounds "9"]
[EventCountry "USA"]
[SourceTitle "EXT 2013"]
[Source "ChessBase"]
[SourceDate "2012.11.22"]
[SourceVersion "1"]
[SourceVersionDate "2012.11.22"]
[SourceQuality "1"]

1. d4 Nf6 2. c4 g6 3. Nc3 Bg7 4. e4 d6 5. f3 0-0 6. Be3 Nc6 7. Nge2 a6 8. Qd2 Rb8 9. Rc1 Bd7 10. Nd1 Re8 11. Nf2 e6 12. g3 b5 13. c5 dxc5 14. Rxc5 e5 15. d5 Nd4 16. Bg2 Bf8 17. Bxd4 exd4 18. Rc1 Rc8 19. 0-0 c5 20. dxc6 Bxc6 21. Nxd4 Bb7 22. Rxc8 Qxc8 23. Nb3 Rd8 24. Qe2 Bb4 25. Rc1 Qe6 26. Nd3 Qb6+ 27. Kf1 Bf8 28. Qf2 Qe6 29. Ndc5 Qb6 30. e5 Bxc5 31. Nxc5 Nd7 32. Nxb7 Qxb7 33. f4 Qb6 34. Rd1 Rc8 35. Be4 Rc4 36. Rxd7 Qxf2+ 37. Kxf2 Rxe4 38. b3 a5 39. Rd5 Rb4 40. Ke3 a4 41. Rd3 axb3 42. axb3 Kf8 43. Kd2 Ke7 44. Re3 Rd4+ 45. Kc3 Rd1 46. Rd3 Rh1 47. h4 h6 48. Kb4 g5 49. hxg5 hxg5 50. Kxb5 Rf1 51. fxg5 Re1 52. Kc6 Rxe5 53. b4 Rxg5 54. b5 Rg6+ 55. Kc7 Rg4 56. Re3+ Kf6 57. Rc3 Re4 58. b6 Re7+ 59. Kb8 1-0

[Event "Minneapolis Knighter"]
[Site "Minneapolis"]
[Date "2012.05.30"]
[Round "6"]
[White "Amarasinghe, Prashantha"]
[Black "Hoover, Nathan"]
[Result "0-1"]
[WhiteElo "2019"]
[BlackElo "2123"]
[PlyCount "97"]
[EventDate "2012.04.25"]
[EventType "tourn"]
[EventRounds "9"]
[EventCountry "USA"]
[SourceTitle "EXT 2013"]
[Source "ChessBase"]
[SourceDate "2012.11.22"]
[SourceVersion "1"]
[SourceVersionDate "2012.11.22"]
[SourceQuality "1"]

1. d4 Nf6 2. c4 g6 3. Nc3 Bg7 4. e4 d6 5. Nf3 0-0 6. Be2 e5 7. 0-0 Nc6 8. d5 Ne7 9. Ne1 Nd7 10. f3 f5 11. g4 Nf6 12. Nd3 h6 13. h4 Rf7 14. Be3 Bf8 15. Rc1 Kh8 16. c5 Neg8 17. cxd6 cxd6 18. Kg2 Qd7 19. Nf2 Nh7 20. Rh1 Qd8 21. Qc2 f4 22. Bd2 Be7 23. Nb5 Bd7 24. Qc7 Rc8 25. Nxd6 Qxc7 26. Nxf7+ Kg7 27. Rxc7 Rxc7 28. Nxe5 Be8 29. Bc3 Bf6 30. d6 Rxc3 31. bxc3 Bxe5 32. Rd1 Bd7 33. Nd3 Bxc3 34. Rc1 Ba5 35. Nc5 Bc6 36. e5 Nf8 37. Bc4 Bb6 38. Nd3 g5 39. hxg5 hxg5 40. Nb4 Bd7 41. Bd5 Nh6 42. Re1 Ne6 43. Bxb7 Nf7 44. Nd5 Nc5 45. Nxb6 axb6 46. Ba6 Nxa6 47. e6 Bxe6 48. Rxe6 Nc5 49. Re5 0-1

[Event "US Open-110"]
[Site "Indianapolis"]
[Date "2009.08.07"]
[Round "7"]
[White "Young, Steven D"]
[Black "Amarasinghe, Prashantha"]
[Result "1/2-1/2"]
[WhiteElo "1886"]
[BlackElo "1946"]
[PlyCount "99"]
[EventDate "2009.08.01"]
[EventType "swiss"]
[EventRounds "9"]
[EventCountry "USA"]
[SourceTitle "CBM 131 Extra"]
[Source "ChessBase"]
[SourceDate "2009.09.03"]
[SourceVersion "2"]
[SourceVersionDate "2009.09.16"]
[SourceQuality "1"]

1. d4 Nf6 2. c4 g6 3. Nc3 Bg7 4. e4 d6 5. Nf3 0-0 6. Be2 e5 7. 0-0 Nc6 8. dxe5 dxe5 9. Bg5 Be6 10. Qxd8 Rfxd8 11. Nd5 Bxd5 12. cxd5 Nb8 13. Nxe5 Re8 14. Bxf6 Bxf6 15. f4 Bxe5 16. fxe5 Rxe5 17. d6 cxd6 18. Bc4 Nc6 19. Bxf7+ Kg7 20. Bd5 Re7 21. Bxc6 bxc6 22. Rad1 Rd8 23. Rc1 c5 24. Rc4 Rb8 25. b3 a5 26. Rd1 Re6 27. Rd5 Rb4 28. e5 Rxe5 29. Rxd6 Rxc4 30. bxc4 Re4 31. Ra6 Rxc4 32. Rxa5 Kf6 33. Kf2 Ke5 34. Ra7 Rc2+ 35. Kf3 c4 36. a4 Ra2 37. a5 Kd4 38. a6 c3 39. Rd7+ Kc4 40. a7 h6 41. Ke3 Kb3 42. Rb7+ Kc2 43. Rc7 Ra3 44. Kd4 Kd2 45. Rxc3 Ra4+ 46. Rc4 Rxa7 47. Rc6 Ra4+ 48. Ke5 Rg4 49. g3 Ke3 50. Kf6 1/2-1/2

[Event "US Open-110"]
[Site "Indianapolis"]
[Date "2009.08.02"]
[Round "2"]
[White "Amarasinghe, Prashantha"]
[Black "Gurevich, Dmitry"]
[Result "0-1"]
[WhiteElo "1946"]
[BlackElo "2485"]
[PlyCount "98"]
[EventDate "2009.08.01"]
[EventType "swiss"]
[EventRounds "9"]
[EventCountry "USA"]
[SourceTitle "CBM 131 Extra"]
[Source "ChessBase"]
[SourceDate "2009.09.03"]
[SourceVersion "2"]
[SourceVersionDate "2009.09.16"]
[SourceQuality "1"]

1. d4 Nf6 2. c4 e6 3. g3 c5 4. d5 exd5 5. cxd5 b5 6. Bg2 d6 7. a4 b4 8. Nd2 g6 9. Nc4 Ba6 10. Qb3 Bxc4 11. Qxc4 a6 12. Nf3 Bg7 13. e4 0-0 14. 0-0 Nbd7 15. a5 Re8 16. Nd2 Qb8 17. Re1 Ne5 18. Qb3 Nfd7 19. f4 c4 20. Nxc4 Nc5 21. Qc2 Ncd3 22. Re2 Rc8 23. fxe5 Nxe5 24. Nb6 Rxc2 25. Rxc2 Qa7 26. Bf4 b3 27. Rc3 Ng4 28. Rc4 Bxb2 29. Rb1 Be5 30. Rxb3 Re8 31. Bf3 h5 32. Bxg4 hxg4 33. Be3 Qe7 34. Nc8 Qf6 35. Bf2 Kg7 36. Na7 Qg5 37. Be3 Qh5 38. Nc6 Rh8 39. Rc2 Bxg3 40. Bd4+ Be5 41. Bxe5+ dxe5 42. Rf2 g3 43. Rxg3 Qd1+ 44. Kg2 Qe1 45. Rgf3 Qxe4 46. Ne7 f5 47. d6 f4 48. d7 Rd8 49. Rd2 Qb4 0-1